| 000 | 00911nas a2200301 4500 | ||
|---|---|---|---|
| 001 | BR0900951 | ||
| 003 | BR-BrBNA | ||
| 005 | 20231205113148.0 | ||
| 007 | ta | ||
| 008 | 230509b bl.|||p| |||| 00| 00por d | ||
| 040 |
_aBR-BrBNA _bpor _cBiblioteca Nacional de Agricultura |
||
| 041 | _a(Pt) | ||
| 072 | _aF60 | ||
| 100 | 1 | _aViégas, R.A. | |
| 100 | 1 | _aSilveira, J.A.G. | |
| 100 | 1 | _aSilva, L.M. de M. | |
| 100 | 1 | _aViégas, P.R.A. | |
| 100 | 1 | _aQueiroz, J.E. | |
| 100 | 1 | _aRocha, I.M.A. | |
| 245 | 1 | _aRedução assimilatória de NO 3 em plantas de cajueiros cultivados em meio salinizado. | |
| 650 | _aCAJU | ||
| 650 | _aCULTIVO | ||
| 650 | _aSAL | ||
| 650 | _aNO3 | ||
| 773 | 0 |
_tAgriambi - Revista Brasileira de Engenharia Agrícola e Ambiental (Brazil) _xISSN 1415-4366 _g(May-Dec 2004), v. 8(2/3) p. 189-195 _wBR0900951 |
|
| 909 |
_a202311 _bLúcia _c55 _dLúcia Elande |
||
| 942 |
_2AGRIS _n0 _cANA |
||
| 999 |
_c202202 _d202202 |
||